| 000 | 00462nam a2200181Ia 4500 | ||
|---|---|---|---|
| 005 | 20250603144744.0 | ||
| 008 | 250603s9999 xx 000 0 und d | ||
| 020 | _a9789352691524 | ||
| 050 | _aHV 6025 .D48/ | ||
| 100 | _aDevendra, Kumar Sharma | ||
| 245 | 0 | _aCriminology and penology: theories on crime and purnishment | |
| 260 | _aNew Delhi | ||
| 260 | _bRandom Publications | ||
| 260 | _c2019 | ||
| 300 | _a315 p | ||
| 650 | _aNew Delhi | ||
| 942 | _cBK | ||
| 999 |
_c39853 _d39853 |
||